000 01505cam a2200349 a 4500
001 15552884
003 Nust- CAS-E0
005 20180118181402.0
008 081211s2009 ctua b 001 0 eng
010 _a 2008052784
015 _aGBA906072
_2bnb
016 7 _a014883445
_2Uk
020 _a9780300149852
020 _a0300149859
035 _a(OCoLC)ocn262432392
040 _aDLC
_cDLC
_dBTCTA
_dYDXCP
_dUKM
_dC#P
_dBWX
_dCDX
_dAGL
_dVP@
_dDLC
043 _an-us---
050 0 0 _aHD9502.U52
_bG75 2009
070 0 _aHD9502.U52
_bG75 2009
082 0 0 _a333.790973
_222
_bGRI 2009
100 1 _aGriffin, James M.,
_d1944-
245 1 2 _aA smart energy policy :
_ban economist's Rx for balancing cheap, clean, and secure energy /
_cJames M. Griffin.
260 _aNew Haven :
_bYale University Press,
_cc2009.
300 _aviii, 193 p. :
_bill. ;
_c25 cm.
504 _aIncludes bibliographical references (p. 179-187) and index.
505 0 _aThe three conflicting goals of energy policy -- The end of cheap oil? -- Oil security in an increasingly insecure world -- Climate change and the search for clean energy -- Climate change and the difficult search for institutions and policies -- A smart energy policy.
650 0 _aEnergy policy
_zUnited States.
650 0 _aClimatic changes
_zUnited States.
906 _a7
_bcbc
_corignew
_d1
_eecip
_f20
_gy-gencatlg
942 _2ddc
_cBK
999 _c355471
_d355471